| 000 | 00442nam a2200169Ia 4500 | ||
|---|---|---|---|
| 003 | OSt | ||
| 005 | 20260303105830.0 | ||
| 008 | 211028s2003 xx 000 0 und d | ||
| 040 | _cAIMIT LIBRARY | ||
| 041 | _aeng | ||
| 100 |
_aTessy, Shilpa Ann;Manimozhi, R. _g92180 _92255 |
||
| 110 |
_aManimozhi R _92256 |
||
| 245 | _aLearning management system / | ||
| 260 |
_aBangalore _c2003 |
||
| 710 |
_aReliance Infocomm _92257 |
||
| 942 |
_2ddc _cPRO |
||
| 999 |
_c216836 _d216836 |
||